Economics. (Record no. 7487)
[ view plain ]
| 000 -LEADER | |
|---|---|
| fixed length control field | 00451nam a22001817a 4500 |
| 003 - CONTROL NUMBER IDENTIFIER | |
| control field | OSt |
| 005 - DATE AND TIME OF LATEST TRANSACTION | |
| control field | 20211116102504.0 |
| 008 - FIXED-LENGTH DATA ELEMENTS--GENERAL INFORMATION | |
| fixed length control field | 211116b ||||| |||| 00| 0 eng d |
| 020 ## - INTERNATIONAL STANDARD BOOK NUMBER | |
| International Standard Book Number | 9781844801336 |
| 040 ## - CATALOGING SOURCE | |
| Transcribing agency | DDC |
| 082 ## - DEWEY DECIMAL CLASSIFICATION NUMBER | |
| Classification number | 330 MAN 2008 |
| 100 ## - MAIN ENTRY--PERSONAL NAME | |
| Personal name | Mankiw, Gregory N.: Mark P. Taylor |
| 9 (RLIN) | 15344 |
| 245 ## - TITLE STATEMENT | |
| Title | Economics. |
| 300 ## - PHYSICAL DESCRIPTION | |
| Extent | xxxiv,830p.: |
| Other physical details | col ill; |
| Dimensions | 27cm. |
| 504 ## - BIBLIOGRAPHY, ETC. NOTE | |
| Bibliography, etc | Includes Index. |
| 650 ## - SUBJECT ADDED ENTRY--TOPICAL TERM | |
| Topical term or geographic name as entry element | Economics. |
| 9 (RLIN) | 975 |
| 942 ## - ADDED ENTRY ELEMENTS (KOHA) | |
| Source of classification or shelving scheme | Dewey Decimal Classification |
| Koha item type | Book |
| Withdrawn status | Lost status | Source of classification or shelving scheme | Damaged status | Not for loan | Home library | Current library | Date acquired | Source of acquisition | Inventory number | Total Checkouts | Full call number | Barcode | Date last seen | Price effective from | Koha item type |
|---|---|---|---|---|---|---|---|---|---|---|---|---|---|---|---|
| Dewey Decimal Classification | Faculty of Management Science Library | Faculty of Management Science Library | 16/11/2021 | Purchase | 14/37478 | 330 MAN 2008 | 2021-1719 | 16/11/2021 | 16/11/2021 | Book | |||||
| Dewey Decimal Classification | Faculty of Management Science Library | Faculty of Management Science Library | 22/11/2021 | Purchase | 14/37481 | 330 MAN 2008 | 2021-1807 | 22/11/2021 | 22/11/2021 | Book | |||||
| Dewey Decimal Classification | Faculty of Management Science Library | Faculty of Management Science Library | 22/11/2021 | Purchase | 14/37477 | 330 MAN 2008 | 2021-1808 | 22/11/2021 | 22/11/2021 | Book | |||||
| Dewey Decimal Classification | Faculty of Management Science Library | Faculty of Management Science Library | 22/11/2021 | Purchase | 14/37473 | 330 MAN 2008 | 2021-1809 | 22/11/2021 | 22/11/2021 | Book | |||||
| Dewey Decimal Classification | Faculty of Management Science Library | Faculty of Management Science Library | 22/11/2021 | Purchase | 14/37480 | 330 MAN 2008 | 2021-1811 | 22/11/2021 | 22/11/2021 | Book | |||||
| Dewey Decimal Classification | Faculty of Management Science Library | Faculty of Management Science Library | 22/11/2021 | Purchase | 14/37479 | 330 MAN 2008 | 2021-1812 | 22/11/2021 | 22/11/2021 | Book |
